Central Library OPAC University of Rajshahi

A grammar of the Tibetan language literary and colloquial : (Record no. 51269)

MARC details
000 -LEADER
fixed length control field 00805nam a2200205 a 4500
001 - CONTROL NUMBER
control field 51269
003 - CONTROL NUMBER IDENTIFIER
rucl marc code BD-RjUL
005 - DATE AND TIME OF LATEST TRANSACTION
control field 20211209075632.0
008 - FIXED-LENGTH DATA ELEMENTS--GENERAL INFORMATION
fixed length control field 160830s1912 ii 000 0 eng
035 ## - SYSTEM CONTROL NUMBER
System control number (BD-RjUL)51389
040 ## - CATALOGING SOURCE
Original cataloging agency DLC
Transcribing agency CLE
Language of cataloging eng
Modifying agency BD-RjUL
041 0# - LANGUAGE CODE
Language code of text/sound track or separate title eng
082 ## - DEWEY DECIMAL CLASSIFICATION NUMBER
Edition number 23
Classification number 495.482421
Author mark and year HAG 1912
100 1# - MAIN ENTRY--PERSONAL NAME
Personal name Hannah, Herbert Bruce
9 (RLIN) 153361
245 12 - TITLE STATEMENT
Title A grammar of the Tibetan language literary and colloquial :
Remainder of title with copious illustrations, and treating fully of spelling, pronunication, and the construction of the verb, and including appendices of the various forms of the verb /
Statement of responsibility, etc. Herbert Bruce Hannah
260 ## - PUBLICATION, DISTRIBUTION, ETC. (IMPRINT)
Place of publication, distribution, etc. Calcutta :
Name of publisher, distributor, etc. Printed at the Baptist mission press,
Date of publication, distribution, etc. 1912.
300 ## - PHYSICAL DESCRIPTION
Pagination xx, 396 p. ;
Size 25 cm.
650 #0 - SUBJECT ADDED ENTRY--TOPICAL TERM
Topical term or geographic name as entry element Tibetan language
General subdivision Grammar.
9 (RLIN) 153362
942 ## - ADDED ENTRY ELEMENTS (KOHA)
Source of classification or shelving scheme Dewey Decimal Classification
Koha item type Books
Holdings
Lost status Source of classification or shelving scheme Damaged status Not for loan Collection code Permanent Location Current Location Shelving location Date acquired Source of acquisition Cost, normal purchase price Total Checkouts Full call number Date last seen Copy number Koha item type
  Dewey Decimal Classification     Non-fiction Central Library, University of Rajshahi Central Library, University of Rajshahi   18/02/1956 O.B.S. Stationary 16.80   495.482421 HAG 1912 30/08/2016 C-2 Books
  Dewey Decimal Classification   Not For Loan Non-fiction Central Library, University of Rajshahi Central Library, University of Rajshahi Reading Room 05/02/2025       495.482421 HAG 1912 05/02/2025 C-1 Books